000 02738nam a2200481 c 4500
003 BLK
005 20230407030303.0
008 180413b bul|||||r ||||||| ||bul||
010 _aKNG00027510000
020 _a954-9517-17-9
_bиздат.: Болкан Пъблишинг Къмпани
040 _aBLK
041 _aBUL
_cBUL
080 _aБългарска литература
_b821.163.2
_x.09(092)
_z821.163.2.09(092)
080 _aЦърковен национален въпрос. Обособяване на самостоятелна българска църква. Създаване на Българска екзархия
_b94(497.2)"1870"
_x(092)
_z94(497.2)"1870"(092)
080 _aБългарска литература
_b821.163.2
_x-32
_z821.163.2-32
080 _aБългарска литература
_b821.163.2
_x-94
_z821.163.2-94
080 _aпоп Стойко Владиславов, по-късно Врачански епископ, български народен будител, духовник
_b929 Софроний Врачански, св.
_x
_z929 Софроний Врачански, св.
100 1 _aМутафчиева, Вера Петрова
_d1929-2009
_gписател, историк-османист
_9363840
700 1 _aСофроний Врачански
_d1739-1813
_cВладиславов, Стойко ; Софроний, епископ Врачански ; Софроний Врачански, св. ; Серафим, монах
_9366013
700 1 _aДрагова, Надежда Николова
_9363491
139 _aМутафчиева, Вера Петрова и др.
_bС 53
245 1 0 _aКнига за Софроний
_cВера Петрова Мутафчиева; Софроний Врачански; Надежда Николова Драгова.
245 1 0 _aЖития и страдания на грешния Софроний
_b
_cСофроний Врачански ; Прев. Надежда Драгова
250 _a2. изд.
257 _aBGR
260 София
_bБолкан Пъблишинг Къмпани
_c1999
_fСофия : Образование и наука
300 _a240 с.
_bс ил., факс.
_c23 см
380 _a82
490 1 _aМинало
_v2
500 _a1. изд. 1983 на изд. Г. Бакалов
600 1 4 _aСофроний Врачански
_d1739-1813
_cВладиславов, Стойко ; Софроний, епископ Врачански ; Софроний Врачански, св. ; Серафим, монах
_9366013
650 4 _aПросветители, български
_9244645
650 4 _aБългарска литература, възрожденска
_9242483
650 4 _aВъзраждане - България
_9243355
653 _aбългарски писатели
653 _aвъзрожденска литература
653 _aСофроний Врачански
852 _aЦб 200455
856 4 _qpdf
_u
856 4 _qpdf
_u
942 _cKNG
_n0
944 _aCR
_c21.03.2003
_kГеновева_Генчева
944 _aED
_c06.07.2006
_k
999 _c24981
_d24981